1567 1753 1249 1540 1602 1414 1114 1445 1167 1012 1262 1717 1776 1243 1422 1011 1465 1961 1948 1245 1572 1179 1763 1645 1361 1304 1417 1855 1421 1484 1274 1832 1259 1453 1292 1756 1358 1551 1560 1051 1854 1545 1377 1465 1497 1642 1444 1511 1266 1910 1663 1423 1601 1142 1170 1081 1550 1294 1025 1726 1708 1294 1841 1855 1770 1666 1429 1454 1062 1190 1790 1256 1898 1266 1310 1445 1359 1170 1545 1306 1789 1747 1060 1248 1797 1356 1711 1926 1164 1531 1185 1493 1716 1744 1687 1575 1022 1693 1522 BCNSPRNW ULIB Ver.6.0+V

เปลี่ยนเป็นภาษาไทย

Change to English
 แสดงรายละเอียดบรรณานุกรม
  กลับหน้าหลัก

Brief Record : Get Marc (ISO 2709) : E-mail record : QR code < ปิดหน้าต่าง
LEADER : 00000nam 2200000uu 4500
001    13399122133
003     ULIB
008    130102s2545||||th 000 0 tha d
020    ^a9744840293
020    9789744840295
050 04 ^aD781^bส975ท
100 0  ^aสุรพงษ บุนนาค
245 10 ทะเลโหด /^cสุรพงษ บุนนาค
250    พิมพ์ครั้งที่ 1
260    กรุงเทพฯ :^bสารคดี,^c2545
300    388 หน้า :^bภาพประกอบ ;^c21 ซม.
945    ^p239^l0^i19562
999    ^aทศพร เกษรทอง
รายการนี้ยังไม่มีแท็ก
คุณยังไม่ได้ล็อกอิน คุณสามารถมีกิจกรรมร่วมกับเว็บไซต์ได้ แต่ต้องล็อกอินก่อน ::
  ล็อกอิน

รายการสื่อสารสนเทศ

ลำดับที่ ประเภท เลขเรียก/บาร์โค้ด สถานที่ สถานะ
1. วิทยาศาสตร์การแพทย์ และสุขภาพ
วิทยาศาสตร์การแพทย์ และสุขภาพ
D781 ส975ท  
  Barcode: 19562
ห้องสมุดวิทยาเขตสวรรค์ประชารักษ์
►หนังสือทั่วไป
บนชั้น

BibComment


ยังไม่เคยถูกคอมเมนท์

คอมเมนท์ทรัพยากรรายการนี้
  คอมเมนท์: ทะเลโหด สุรพงษ บ..


 Copyright 2026. Bcnsprnw @Library